[Event "48th Biel Master Open"]
[Site "Biel SUI"]
[Date "2015.07.21"]
[Round "2.6"]
[White "Fier, Alexandr"]
[Black "Zoler, Dan"]
[Result "1-0"]
[WhiteTitle "GM"]
[BlackTitle "GM"]
[WhiteElo "2628"]
[BlackElo "2498"]
[WhiteFideId "2107139"]
[BlackFideId "2800705"]
[EventDate "2015.07.20"]

1. d4 Nf6 2. c4 e6 3. Nc3 Bb4 4. e3 O-O 5. Ne2 d5 6. a3 Be7 7. cxd5 exd5 8. Nf4
c6 9. Bd3 a5 10. O-O Na6 11. f3 Nc7 12. Bc2 c5 13. Nfe2 b6 14. Bd2 Ne6 15. Be1
Ba6 16. Bh4 cxd4 17. exd4 Nh5 18. Bxe7 Qxe7 19. Qd2 Rfd8 20. Rfe1 Qf6 21. Rad1
g6 22. Ng3 Nhf4 23. Nf1 Ng5 24. Re3 Rac8 25. g3 Nfe6 26. f4 Ne4 27. Bxe4 dxe4
28. d5 Nc5 29. Nxe4 Nxe4 30. Rxe4 Qf5 31. Re5 Qc2 32. Ne3 Qxd2 33. Rxd2 Rd6 34.
Kf2 Kf8 35. g4 Rc1 36. g5 Rh1 37. Ng4 Kg7 38. Nf6 Bb5 39. Kg2 Rc1 40. Re8 Rxf6
41. gxf6+ Kxf6 42. Rb8 1-0

[Event "48th Biel Master Open"]
[Site "Biel SUI"]
[Date "2015.07.21"]
[Round "2.7"]
[White "Cherniaev, Alexander"]
[Black "Adhiban, Baskaran"]
[Result "0-1"]
[WhiteTitle "GM"]
[BlackTitle "GM"]
[WhiteElo "2483"]
[BlackElo "2627"]
[WhiteFideId "4117301"]
[BlackFideId "5018471"]
[EventDate "2015.07.20"]

1. d4 Nf6 2. Bg5 Ne4 3. Bf4 c5 4. d5 Qb6 5. Nd2 Qxb2 6. Nxe4 Qb4+ 7. c3 Qxe4 8.
e3 g5 9. Bg3 Bg7 10. Rc1 h5 11. Nf3 g4 12. Ng5 Qg6 13. h4 gxh3 14. Nxh3 h4 15.
Nf4 Qg5 16. Bh2 d6 17. Be2 Be5 18. Rg1 Nd7 19. c4 Qg7 20. Bg4 Kd8 21. f3 Kc7 22.
Kf2 Nb6 23. Bxc8 Raxc8 24. Qb3 Kb8 25. a4 Rc7 26. Rc2 Rg8 27. Kf1 Qh7 28. Kf2
Qg7 29. Kf1 Bxf4 30. Bxf4 Qa1+ 31. Kf2 Qxa4 32. Qd3 Rcc8 33. Rb1 Rc7 34. Kg1 Qd7
35. Kh2 Nc8 36. e4 f6 37. Ra2 Ka8 38. Rb3 b6 39. Ra6 Rb7 40. Rb2 Rd8 41. Rb1 Qe8
42. Rb2 Rdd7 43. Rb1 Rd8 44. Rb2 Qd7 45. Rb1 e5 46. dxe6 Qxe6 47. Rd1 Ne7 48.
Ra4 Ng6 49. Bxd6 Rbd7 50. Qa3 Ne5 51. Rd5 Nxc4 52. Rxc4 Rxd6 53. Ra4 R8d7 54.
Rh5 Qg8 55. Rxh4 Rd2 56. Rg4 Qh7+ 57. Kg3 R7d3 58. Qc1 Qc7+ 0-1

[Event "48th Biel Master Open"]
[Site "Biel SUI"]
[Date "2015.07.21"]
[Round "2.8"]
[White "Solak, Dragan"]
[Black "Romanishin, Oleg M"]
[Result "1-0"]
[WhiteTitle "GM"]
[BlackTitle "GM"]
[WhiteElo "2622"]
[BlackElo "2475"]
[WhiteFideId "916811"]
[BlackFideId "14100088"]
[EventDate "2015.07.20"]

1. e4 e5 2. Nf3 Nc6 3. Bb5 a6 4. Bxc6 dxc6 5. O-O Qd6 6. Na3 Be6 7. Qe2 f6 8. d4
Bg4 9. Rd1 Qe6 10. h3 Bxf3 11. Qxf3 Bd6 12. c4 exd4 13. c5 Bf8 14. Nc2 Ne7 15.
Nxd4 Qf7 16. Qc3 Ng6 17. f4 O-O-O 18. f5 Ne5 19. Bf4 Re8 20. b4 g6 21. Ne6 gxf5
22. exf5 Rxe6 23. fxe6 Qxe6 24. Bxe5 fxe5 25. Qb3 Qxb3 26. axb3 Bh6 27. Re1 Rd8
28. Kf2 Rf8+ 29. Kg3 Kd7 30. Rf1 Rg8+ 31. Kf3 Ke6 32. Rad1 b6 33. cxb6 cxb6 34.
g4 a5 35. h4 Bf4 36. bxa5 bxa5 37. Rd3 Rb8 38. Rfd1 h6 39. Rd6+ Ke7 40. Ke4 Rxb3
41. Rd7+ Ke8 42. Kf5 1-0

[Event "48th Biel Master Open"]
[Site "Biel SUI"]
[Date "2015.07.21"]
[Round "2.9"]
[White "Andersen, Mads"]
[Black "Sutovsky, Emil"]
[Result "1/2-1/2"]
[WhiteTitle "IM"]
[BlackTitle "GM"]
[WhiteElo "2467"]
[BlackElo "2619"]
[WhiteFideId "1413864"]
[BlackFideId "2802007"]
[EventDate "2015.07.20"]

1. d4 Nf6 2. c4 g6 3. Nc3 d5 4. Nf3 Bg7 5. Qb3 dxc4 6. Qxc4 O-O 7. e4 a6 8. Be2
b5 9. Qd3 c5 10. dxc5 Qxd3 11. Bxd3 Nc6 12. Be3 Ng4 13. Bf4 Nd4 14. Nxd4 Bxd4 1/2-1/2

[Event "48th Biel Master Open"]
[Site "Biel SUI"]
[Date "2015.07.21"]
[Round "2.10"]
[White "Studer, Noel"]
[Black "Brkic, Ante"]
[Result "1/2-1/2"]
[WhiteTitle "IM"]
[BlackTitle "GM"]
[WhiteElo "2416"]
[BlackElo "2607"]
[WhiteFideId "1319620"]
[BlackFideId "14506688"]
[EventDate "2015.07.20"]

1. e4 e5 2. Nf3 Nc6 3. Bb5 a6 4. Ba4 Nf6 5. O-O Bc5 6. c3 b5 7. Bb3 d6 8. d4 Bb6
9. a4 Bb7 10. Bg5 h6 11. Bxf6 Qxf6 12. Bd5 O-O 13. dxe5 dxe5 14. Qe2 bxa4 15.
Nbd2 Rad8 16. Nc4 Bc8 17. Bxc6 Qxc6 18. Nfxe5 Qb5 19. Qc2 Rfe8 20. Nxb6 cxb6 21.
Nf3 Be6 22. Nd4 Bb3 23. Nxb5 1/2-1/2

[Event "48th Biel Master Open"]
[Site "Biel SUI"]
[Date "2015.07.21"]
[Round "2.11"]
[White "Dragun, Kamil"]
[Black "Lampert, Jonas"]
[Result "1-0"]
[WhiteTitle "GM"]
[BlackTitle "IM"]
[WhiteElo "2586"]
[BlackElo "2448"]
[WhiteFideId "1134167"]
[BlackFideId "1303759"]
[EventDate "2015.07.20"]

1. Nf3 d5 2. g3 g6 3. Bg2 Bg7 4. d4 Nd7 5. O-O Ngf6 6. c4 dxc4 7. Na3 Nb6 8. Ne5
Ng4 9. Nf3 e5 10. dxe5 Qxd1 11. Rxd1 Nxe5 12. Nb5 Nxf3+ 13. Bxf3 Be5 14. Bf4
Bxf4 15. gxf4 Ke7 16. Nxc7 Rb8 17. a4 Be6 18. a5 Nd7 19. a6 bxa6 20. Rxa6 Bh3
21. Rxa7 Rxb2 22. Bc6 c3 23. Nd5+ Kd6 24. Ba4 Rd2 25. Nxc3 Rxd1+ 26. Nxd1 Rc8
27. Bxd7 Bxd7 28. Ne3 Rc1+ 29. Kg2 Re1 30. Nc4+ Ke6 31. Ne5 Be8 32. Nf3 Rb1 33.
Ng5+ Kf5 34. Kg3 Rb3+ 35. e3 Rb1 36. Re7 Rg1+ 37. Kf3 1-0

[Event "48th Biel Master Open"]
[Site "Biel SUI"]
[Date "2015.07.21"]
[Round "2.12"]
[White "Nezad, Husein Aziz"]
[Black "Yilmaz, Mustafa"]
[Result "1/2-1/2"]
[WhiteTitle "IM"]
[BlackTitle "GM"]
[WhiteElo "2405"]
[BlackElo "2582"]
[WhiteFideId "12100293"]
[BlackFideId "6302718"]
[EventDate "2015.07.20"]

1. d4 d5 2. c4 e6 3. Nc3 Bb4 4. Nf3 dxc4 5. e3 b5 6. Bd2 c6 7. a4 a5 8. axb5
Bxc3 9. Bxc3 cxb5 10. b3 Bb7 11. bxc4 b4 12. Bb2 Nf6 13. Bd3 O-O 14. O-O Nbd7
15. Nd2 Qc7 16. Bc2 e5 17. Ba4 Rfd8 18. Qe2 exd4 19. exd4 Re8 20. Qd3 Bc6 21.
Bc2 Bb7 22. Ba4 Bc6 23. Bc2 Qd6 24. d5 Nc5 25. Qg3 Qxg3 26. fxg3 Bd7 27. Bd4
Rec8 28. Rfb1 Nb7 29. Bd3 Be8 30. Bxf6 gxf6 31. Bf5 Rd8 32. Ne4 Kg7 33. Kf2 Bd7
34. Bxd7 Rxd7 35. Rxb4 Re8 36. Rxb7 Rxb7 37. Nd6 Rb2+ 38. Kf3 Rb3+ 39. Kf4 Ra8
40. c5 Rc3 41. c6 a4 42. Ke4 a3 43. Kd4 Rc2 44. Kd3 Rc5 45. Kd4 Rc2 46. Kd3 Rc5
47. Kd4 Rc2 1/2-1/2

[Event "48th Biel Master Open"]
[Site "Biel SUI"]
[Date "2015.07.21"]
[Round "2.13"]
[White "Wagner, Dennis"]
[Black "Kiewra, Keaton F"]
[Result "1/2-1/2"]
[WhiteTitle "GM"]
[BlackTitle "IM"]
[WhiteElo "2569"]
[BlackElo "2421"]
[WhiteFideId "24650684"]
[BlackFideId "2019280"]
[EventDate "2015.07.20"]

1. Nf3 Nf6 2. c4 g6 3. Nc3 Bg7 4. e4 d6 5. d4 O-O 6. Be2 e5 7. Be3 Na6 8. O-O
Ng4 9. Bg5 Qe8 10. h3 f6 11. Bh4 Nh6 12. Re1 c6 13. c5 exd4 14. Qxd4 dxc5 15.
Qe3 b6 16. Bc4+ Kh8 17. Rad1 Nb4 18. Qc1 Be6 19. e5 fxe5 20. Nxe5 Bxc4 21. Nxc4
Qf7 22. Nd6 1/2-1/2

[Event "48th Biel Master Open"]
[Site "Biel SUI"]
[Date "2015.07.21"]
[Round "2.14"]
[White "Wallace, John Paul"]
[Black "Donchenko, Alexander"]
[Result "0-1"]
[WhiteTitle "IM"]
[BlackTitle "GM"]
[WhiteElo "2385"]
[BlackElo "2567"]
[WhiteFideId "3200957"]
[BlackFideId "24603295"]
[EventDate "2015.07.20"]

1. e4 c6 2. Nf3 d5 3. Nc3 Bg4 4. h3 Bxf3 5. Qxf3 e6 6. d3 Nd7 7. Be2 Ngf6 8. g4
Bb4 9. g5 Ng8 10. d4 Ne7 11. Bd2 dxe4 12. Qxe4 Nd5 13. h4 Qa5 14. Rh3 Nxc3 15.
bxc3 Bd6 16. c4 Bb4 17. c3 Bd6 18. c5 Be7 19. Rb1 O-O-O 0-1

[Event "48th Biel Master Open"]
[Site "Biel SUI"]
[Date "2015.07.21"]
[Round "2.15"]
[White "Esen, Baris"]
[Black "Raetsky, Alexander"]
[Result "1-0"]
[WhiteTitle "GM"]
[BlackTitle "GM"]
[WhiteElo "2567"]
[BlackElo "2405"]
[WhiteFideId "6302114"]
[BlackFideId "4103203"]
[EventDate "2015.07.20"]

1. c4 e5 2. Nc3 Nf6 3. Nf3 Nc6 4. g3 Bb4 5. Nd5 a5 6. Bg2 O-O 7. O-O Re8 8. d3
h6 9. Nxb4 axb4 10. e4 d6 11. Ne1 Nd4 12. Nc2 c5 13. h3 Nxc2 14. Qxc2 b5 15. f4
bxc4 16. dxc4 Bb7 17. f5 Ra6 18. b3 Qa8 19. Re1 Kh7 20. g4 g5 21. h4 Rg8 22.
hxg5 hxg5 23. Bf3 Rg7 24. Qh2+ Kg8 25. Re2 Bxe4 26. Bxg5 Rxg5 27. Qh6 Nh7 28.
Rh2 Rg7 29. f6 Rg5 30. Rh5 Qf8 31. Rxg5+ Nxg5 32. Qxg5+ Bg6 33. Bd5 Kh7 34. Kg2
Qh6 35. Rh1 Rxa2+ 36. Kg3 Qxh1 37. Bxh1 Rb2 38. Qh4+ 1-0

[Event "48th Biel Master Open"]
[Site "Biel SUI"]
[Date "2015.07.21"]
[Round "2.16"]
[White "Haimovich, Tal"]
[Black "Bok, Benjamin"]
[Result "1/2-1/2"]
[WhiteTitle "IM"]
[BlackTitle "GM"]
[WhiteElo "2361"]
[BlackElo "2562"]
[WhiteFideId "2801698"]
[BlackFideId "1017063"]
[EventDate "2015.07.20"]

1. d4 Nf6 2. c4 g6 3. Nc3 d5 4. cxd5 Nxd5 5. e4 Nxc3 6. bxc3 Bg7 7. Nf3 c5 8.
Bb5+ Nd7 9. O-O O-O 10. Rb1 a6 11. Bd3 b5 12. a4 b4 13. cxb4 cxd4 14. a5 Bb7 15.
Qe2 e5 16. Bd2 Qf6 17. Rfc1 Rfc8 18. Qd1 h6 19. Qb3 g5 20. Rxc8+ Rxc8 21. Rc1
Rxc1+ 22. Bxc1 g4 23. Nd2 h5 24. Qc2 Qd6 25. Ba3 Bh6 26. Nc4 Qc6 27. Bc1 Bf8 28.
Bd2 Qe6 29. Be1 h4 30. Qe2 Be7 31. Nb6 Nxb6 32. axb6 Qxb6 33. Qxg4+ Qg6 34. Qe2
Kg7 35. Qc2 Qb6 36. Qc4 Qd6 37. Bd2 Qd7 1/2-1/2

[Event "48th Biel Master Open"]
[Site "Biel SUI"]
[Date "2015.07.21"]
[Round "2.17"]
[White "Heimann, Andreas"]
[Black "Cebalo, Miso"]
[Result "0-1"]
[WhiteTitle "IM"]
[BlackTitle "GM"]
[WhiteElo "2557"]
[BlackElo "2397"]
[WhiteFideId "24624632"]
[BlackFideId "14500094"]
[EventDate "2015.07.20"]

1. e4 c5 2. Nf3 d6 3. d4 cxd4 4. Nxd4 Nf6 5. Nc3 a6 6. Bg5 Nbd7 7. Qe2 b5 8. f4
Qc7 9. Bxf6 gxf6 10. a4 bxa4 11. Nd5 Qc5 12. Rxa4 Nb6 13. Nb3 Qc6 14. Ra5 Nxd5
15. exd5 Qb6 16. Qf2 Rb8 17. Bd3 f5 18. Qg3 h5 19. Ke2 Rh6 20. Rha1 Rg6 21. Qf2
Bg7 22. R1a2 Qc7 23. g3 h4 24. Kf3 hxg3 25. hxg3 e5 26. Qe2 Kf8 27. Bxa6 exf4
28. gxf4 Rg4 29. Bb5 Bb7 30. c4 Bh6 31. Qh2 Rxf4+ 32. Kg3 Kg7 33. Nd2 Rg4+ 34.
Kf3 Qe7 35. R5a3 Bxd2 0-1

[Event "48th Biel Master Open"]
[Site "Biel SUI"]
[Date "2015.07.21"]
[Round "2.18"]
[White "Chan, James"]
[Black "Can, Emre"]
[Result "0-1"]
[BlackTitle "GM"]
[WhiteElo "2014"]
[BlackElo "2547"]
[WhiteFideId "2605775"]
[BlackFideId "6302181"]
[EventDate "2015.07.20"]

1. e4 c6 2. d4 d5 3. e5 Bf5 4. Nf3 e6 5. Be2 Nd7 6. O-O h6 7. Nbd2 Ne7 8. Nb3
Nc8 9. Bd2 Be7 10. Ba5 Ncb6 11. Nbd2 Qc8 12. c4 dxc4 13. Nxc4 Nxc4 14. Bxc4 O-O
15. Rc1 Nb6 16. Bd3 Bxd3 17. Qxd3 Qd7 18. Rfd1 Qd5 19. Bxb6 axb6 20. a3 Ra4 21.
Rc2 Rd8 22. Rcd2 b5 23. Qe3 b4 24. axb4 Bxb4 25. Rd3 Ba5 26. h3 Rb4 27. b3 Bb6
28. Kh2 Ra8 29. g4 Ra3 30. g5 hxg5 31. Qxg5 Bd8 32. Qh5 Rbxb3 33. Rxb3 Qxb3 34.
Ne1 Qb2 35. Kg2 Ra2 36. Qf3 Bh4 0-1

[Event "48th Biel Master Open"]
[Site "Biel SUI"]
[Date "2015.07.21"]
[Round "2.19"]
[White "Erdos, Viktor"]
[Black "Kukov, Velislav"]
[Result "1-0"]
[WhiteTitle "GM"]
[BlackTitle "IM"]
[WhiteElo "2610"]
[BlackElo "2367"]
[WhiteFideId "719978"]
[BlackFideId "2906139"]
[EventDate "2015.07.20"]

1. d4 d5 2. c4 dxc4 3. Nf3 Nf6 4. e3 b5 5. a4 b4 6. Bxc4 e6 7. a5 a6 8. Nbd2 Bb7
9. Qe2 Be7 10. e4 Nbd7 11. e5 Nd5 12. Ne4 h6 13. O-O O-O 14. Bd3 c5 15. Ng3 Nc7
16. Rd1 cxd4 17. Nxd4 Nxe5 18. Bc2 Nd7 19. Ba4 Bd5 20. Nc6 Qe8 21. Nf5 Bc5 22.
Ne3 Qc8 23. Ng4 Nb5 24. Nxh6+ gxh6 25. Qg4+ Kh8 26. Rxd5 exd5 27. Bxh6 Rg8 28.
Qf5 Nf8 29. Qxd5 Ne6 30. Bxb5 axb5 31. Rc1 Nd4 32. Nxd4 Rxa5 33. Bf4 1-0

[Event "48th Biel Master Open"]
[Site "Biel SUI"]
[Date "2015.07.21"]
[Round "2.20"]
[White "Meins, Gerlef"]
[Black "Derakhshani, Dorsa"]
[Result "1-0"]
[WhiteTitle "IM"]
[BlackTitle "WIM"]
[WhiteElo "2436"]
[BlackElo "2280"]
[WhiteFideId "4620895"]
[BlackFideId "12500330"]
[EventDate "2015.07.20"]

1. Nf3 Nf6 2. c4 e6 3. g3 b6 4. Bg2 Bb7 5. O-O Be7 6. d4 O-O 7. Nc3 Ne4 8. Bd2
f5 9. Rc1 a5 10. d5 Nxc3 11. Bxc3 Na6 12. Ne5 d6 13. Nd3 e5 14. e4 Nc5 15. Nxc5
bxc5 16. exf5 Bg5 17. Rc2 Bc8 18. h4 Bh6 19. Be4 Bxf5 20. Bxf5 Rxf5 21. f4 Qe7
22. g4 Rxf4 23. g5 Rxh4 24. gxh6 Qg5+ 25. Rg2 Qxh6 26. Kf2 Rf8+ 27. Ke2 Re4+ 28.
Kd3 Rd4+ 29. Bxd4 Qh3+ 30. Be3 e4+ 31. Ke2 Qxg2+ 32. Rf2 Rxf2+ 33. Bxf2 g5 34.
Qb3 Qg4+ 35. Ke1 Kf7 36. Qb8 Qd7 37. Qh8 Kg6 38. Qg8+ Kf5 39. Be3 h6 40. a4 Qe7
41. Bd2 e3 42. Bxa5 Kf4 43. Qg6 h5 44. Bc3 g4 45. Ke2 Qd7 46. Qxh5 Qxa4 47. Qh6+
Kg3 48. Qxe3+ Kh2 49. Qe4 Qd7 50. Qe6 Qh7 51. Qxg4 Qc2+ 52. Ke3 Qc1+ 53. Ke4
Qc2+ 54. Kf4 Qc1+ 55. Kf5 Qc2+ 56. Ke6 Qh7 57. Bf6 1-0

[Event "48th Biel Master Open"]
[Site "Biel SUI"]
[Date "2015.07.22"]
[Round "3.1"]
[White "Gharamian, Tigran"]
[Black "Dragun, Kamil"]
[Result "1-0"]
[WhiteTitle "GM"]
[BlackTitle "GM"]
[WhiteElo "2649"]
[BlackElo "2586"]
[WhiteFideId "13301527"]
[BlackFideId "1134167"]
[EventDate "2015.07.20"]

1. e4 c6 2. d4 d5 3. e5 Bf5 4. Nf3 e6 5. Be2 Nd7 6. O-O Ne7 7. Nbd2 h6 8. Nb3 g5
9. h4 Ng6 10. h5 Nf4 11. Bxf4 gxf4 12. Nc1 Be7 13. Nd3 Bg5 14. b3 Rg8 15. Re1
Be4 16. Nd2 Qb6 17. c3 c5 18. Nxe4 dxe4 19. Nb2 f5 20. exf6 Nxf6 21. Na4 Qc6 22.
Nxc5 O-O-O 23. Nxe4 Qxe4 24. Bg4 Qh7 25. Bxe6+ Kb8 26. Bxg8 Qxg8 27. Re5 Qf7 28.
Qf3 Nxh5 29. Rae1 Ng7 30. Qe4 Qd7 31. Qd3 Bf6 32. R5e4 Bg5 33. Re5 Bf6 34. R5e4
Bg5 35. c4 Nf5 36. d5 Nh4 37. Re6 f3 38. g3 Ng2 39. R1e4 Qf7 40. Qc3 a6 41. Qe5+
Ka7 42. c5 Nf4 43. gxf4 Bh4 44. f5 Rg8+ 45. Kf1 Qh5 46. Rxa6+ 1-0

[Event "48th Biel Master Open"]
[Site "Biel SUI"]
[Date "2015.07.22"]
[Round "3.2"]
[White "Donchenko, Alexander"]
[Black "Fier, Alexandr"]
[Result "0-1"]
[WhiteTitle "GM"]
[BlackTitle "GM"]
[WhiteElo "2567"]
[BlackElo "2628"]
[WhiteFideId "24603295"]
[BlackFideId "2107139"]
[EventDate "2015.07.20"]

1. d4 Nf6 2. c4 g6 3. f3 Bg7 4. e4 O-O 5. Nc3 c6 6. Be3 d5 7. e5 Nfd7 8. cxd5
Nb6 9. dxc6 Nxc6 10. Qd2 Be6 11. Rd1 Nb4 12. b3 Rc8 13. Bd3 N6d5 14. Nxd5 Nxd3+
15. Qxd3 Qxd5 16. Ne2 Bf5 17. Nf4 Qa5+ 18. Qd2 Qa3 19. Nd3 Bxd3 20. Qxd3 Qxa2
21. O-O Rc2 22. Rd2 Rxd2 23. Bxd2 Rd8 24. f4 e6 25. Bb4 Qb2 26. Rd1 Bf8 27. Bxf8
Kxf8 28. Qc4 Kg7 29. h3 b5 30. Qb4 Qe2 31. Qd2 Qe4 32. Kh1 Rc8 33. Qd3 Qxf4 34.
Qxb5 Rc2 35. Qd3 Qf2 36. Qe4 Re2 37. Qb7 h5 38. b4 Rb2 39. b5 g5 40. Qe4 Rxb5
41. d5 Rxd5 42. Rxd5 exd5 43. Qxd5 Qf1+ 44. Kh2 Qf4+ 45. Kh1 g4 46. Qd1 gxh3 47.
gxh3 Qe4+ 48. Kg1 Qxe5 49. Qf3 a5 50. Qg2+ Kh8 51. Qa8+ Kh7 52. h4 Qd4+ 53. Kg2
a4 0-1

[Event "48th Biel Master Open"]
[Site "Biel SUI"]
[Date "2015.07.22"]
[Round "3.3"]
[White "Adhiban, Baskaran"]
[Black "Esen, Baris"]
[Result "1/2-1/2"]
[WhiteTitle "GM"]
[BlackTitle "GM"]
[WhiteElo "2627"]
[BlackElo "2567"]
[WhiteFideId "5018471"]
[BlackFideId "6302114"]
[EventDate "2015.07.20"]

1. e4 c5 2. Nf3 d6 3. d4 cxd4 4. Nxd4 Nf6 5. Nc3 a6 6. Bg5 e6 7. f4 Nbd7 8. Qe2
Qc7 9. O-O-O b5 10. f5 e5 11. Nd5 Nxd5 12. exd5 Nb6 13. Qh5 Be7 14. Bxe7 Qxe7
15. Bd3 Qf6 16. Nc6 Nxd5 17. Qf3 Qh6+ 18. Rd2 Nb6 19. Qf2 Na4 20. Be4 Nc5 21.
Bf3 e4 22. Re1 Bxf5 23. g4 Be6 24. Bxe4 Nxe4 25. Rxe4 O-O 26. h4 Rae8 27. g5 Qg6
28. Qf4 d5 29. Re1 Kh8 30. Rde2 Qh5 31. b3 Rc8 32. Nd4 Kg8 33. Kb2 Bd7 34. Re7
Qg4 35. Qe5 Rcd8 36. Re3 b4 37. Rd3 a5 38. Qc7 g6 39. Nf3 a4 40. bxa4 Be6 41.
Ne5 Qf5 42. Nc6 Rc8 43. Qd6 Rxc6 44. Qxc6 Qe5+ 45. Kc1 Qe1+ 46. Rd1 Qxh4 47. Re8
Qxg5+ 48. Kb1 Rxe8 49. Qxe8+ Kg7 50. a5 d4 51. Qa4 Qc5 52. a6 Bd5 53. a7 Ba8 54.
Qd7 h5 55. Rxd4 g5 56. Qd8 Bb7 57. Rd2 Qe5 58. Rd7 h4 59. Rxb7 Qe1+ 60. Kb2 Qc3+
61. Kc1 Qa1+ 62. Kd2 Qc3+ 63. Ke2 Qe5+ 64. Kd3 Qc3+ 65. Ke2 Qe5+ 66. Kd3 Qc3+
67. Ke4 Qe1+ 68. Kf5 Qe6+ 69. Kxg5 Qe5+ 70. Kxh4 Qe4+ 71. Kg5 Qe5+ 72. Kg4 Qe4+
73. Kh5 Qg6+ 74. Kh4 Qe4+ 75. Kg3 Qe3+ 76. Kg4 Qe4+ 1/2-1/2

[Event "48th Biel Master Open"]
[Site "Biel SUI"]
[Date "2015.07.22"]
[Round "3.4"]
[White "Can, Emre"]
[Black "Solak, Dragan"]
[Result "1/2-1/2"]
[WhiteTitle "GM"]
[BlackTitle "GM"]
[WhiteElo "2547"]
[BlackElo "2622"]
[WhiteFideId "6302181"]
[BlackFideId "916811"]
[EventDate "2015.07.20"]

1. d4 c6 2. Nf3 d5 3. c4 Nf6 4. Nc3 a6 5. g3 b5 6. cxd5 cxd5 7. Bg2 e6 8. Bf4
Bb7 9. O-O Be7 10. Rc1 O-O 11. Nb1 Nc6 12. Nbd2 Ne4 13. Nxe4 dxe4 14. Nd2 f5 15.
Nb3 g5 16. Bd2 Qd5 17. e3 g4 18. Nc5 Nd8 19. Nxb7 Nxb7 20. Qc2 Kf7 21. a4 Nd6
22. b3 Rfc8 23. Qa2 Qb7 24. Rc5 Ne8 25. Rxc8 Rxc8 26. Ra1 Nf6 27. Bf1 Nd5 28.
axb5 axb5 29. Qa5 Rb8 30. Be2 Kf6 31. Kf1 h5 32. Ra2 h4 33. Qa7 hxg3 34. Qxb7
g2+ 35. Kxg2 Rxb7 36. Ra5 Nc7 37. h3 gxh3+ 38. Kxh3 Bd6 39. Kg2 Rb8 40. Kf1 Ke7
41. Ra7 1/2-1/2

[Event "48th Biel Master Open"]
[Site "Biel SUI"]
[Date "2015.07.22"]
[Round "3.5"]
[White "Cebalo, Miso"]
[Black "Ivanisevic, Ivan"]
[Result "0-1"]
[WhiteTitle "GM"]
[BlackTitle "GM"]
[WhiteElo "2397"]
[BlackElo "2662"]
[WhiteFideId "14500094"]
[BlackFideId "912417"]
[EventDate "2015.07.20"]

1. Nf3 d5 2. d4 Bf5 3. c4 e6 4. cxd5 exd5 5. Nc3 c6 6. Bf4 Nf6 7. Rc1 Be7 8. e3
O-O 9. Bd3 Bxd3 10. Qxd3 Nbd7 11. h3 Re8 12. O-O Nb6 13. Nd2 Bf8 14. Rb1 a5 15.
a3 a4 16. Qc2 Re6 17. b3 axb3 18. Qxb3 Nfd7 19. a4 Ra7 20. Ra1 Nf6 21. Rfb1 Nbd7
22. Nf3 h6 23. Ne5 Nxe5 24. Bxe5 Nd7 25. Bg3 Qa8 26. Ra2 Be7 27. Bc7 Qc8 28. Bb6
Nxb6 29. Qxb6 Qa8 30. Qb3 Bd8 31. Rab2 Ba5 32. Ne2 Bc7 33. Qc2 b6 34. Nf4 Rd6
35. Rb4 Ra5 36. Nd3 g6 37. Ne5 c5 38. dxc5 Rxc5 39. Qb3 Qe8 40. Nd3 Rcc6 41. Rd4
Qa8 42. Rd1 Qa5 43. Nb4 Rc4 44. g3 b5 45. Nxd5 Rxd4 46. Rxd4 bxa4 47. Qa2 Bd8
48. e4 a3 49. Kg2 Ra6 50. Ne3 Be7 51. Rd7 Qe5 52. Nd5 Bf8 53. Nc7 Rf6 54. Qc4
Qb2 55. Qd4 Qxd4 56. Rxd4 Rxf2+ 0-1

[Event "48th Biel Master Open"]
[Site "Biel SUI"]
[Date "2015.07.22"]
[Round "3.7"]
[White "Svane, Rasmus"]
[Black "Fridman, Daniel"]
[Result "1/2-1/2"]
[WhiteTitle "IM"]
[BlackTitle "GM"]
[WhiteElo "2531"]
[BlackElo "2639"]
[WhiteFideId "4657101"]
[BlackFideId "11600454"]
[EventDate "2015.07.20"]

1. Nf3 d5 2. d4 Nf6 3. c4 dxc4 4. e3 b5 5. a4 b4 6. Bxc4 e6 7. O-O Be7 8. b3 O-O
9. Bb2 Bb7 10. Nbd2 c5 11. Rc1 Nbd7 12. Qe2 Qa5 13. Rfd1 Rac8 14. Bb5 a6 15. Bd3
cxd4 16. Nc4 Qh5 17. Nxd4 Qxe2 18. Bxe2 Nc5 19. f3 Rfd8 20. Rc2 1/2-1/2

[Event "48th Biel Master Open"]
[Site "Biel SUI"]
[Date "2015.07.22"]
[Round "3.8"]
[White "Bartel, Mateusz"]
[Black "Bogner, Sebastian"]
[Result "1-0"]
[WhiteTitle "GM"]
[BlackTitle "GM"]
[WhiteElo "2631"]
[BlackElo "2544"]
[WhiteFideId "1112635"]
[BlackFideId "4692055"]
[EventDate "2015.07.20"]

1. e4 c5 2. Nf3 e6 3. d4 cxd4 4. Nxd4 a6 5. Nc3 b5 6. Bd3 d6 7. a4 b4 8. Na2 e5
9. Nf5 Bxf5 10. exf5 d5 11. Qe2 Bd6 12. c4 bxc3 13. Nxc3 Ne7 14. O-O e4 15. Bc2
Nbc6 16. Rd1 Be5 17. f6 Bxf6 18. Nxe4 Be5 19. Qh5 h6 20. Nc3 Qd6 21. a5 O-O 22.
Ra4 Rab8 23. h3 Nb4 24. Bb3 Qf6 25. Qg4 Bxc3 26. bxc3 Qxc3 27. Ra3 Qf6 28. Ba4
Ng6 29. Rb3 Ne5 30. Qf4 Qxf4 31. Bxf4 f6 32. Rdb1 Nbd3 33. Rxb8 Nxf4 34. Rxf8+
Kxf8 35. Rb6 d4 36. Rxa6 d3 37. Ra8+ Ke7 38. a6 1-0

[Event "48th Biel Master Open"]
[Site "Biel SUI"]
[Date "2015.07.22"]
[Round "3.9"]
[White "Sutovsky, Emil"]
[Black "Meins, Gerlef"]
[Result "1-0"]
[WhiteTitle "GM"]
[BlackTitle "IM"]
[WhiteElo "2619"]
[BlackElo "2436"]
[WhiteFideId "2802007"]
[BlackFideId "4620895"]
[EventDate "2015.07.20"]

1. e4 c5 2. Nf3 Nc6 3. Nc3 d6 4. d4 cxd4 5. Nxd4 e6 6. Be3 Nf6 7. f4 Be7 8. Qf3
e5 9. Nf5 Bxf5 10. exf5 Qa5 11. O-O-O e4 12. Qe2 d5 13. Kb1 a6 14. Bd2 Qc7 15.
g4 Nd4 16. Qf2 Nf3 17. g5 d4 18. Nxe4 Nxd2+ 19. Nxd2 Ng4 20. Qxd4 O-O 21. Bc4
Rfd8 22. Qc3 Qxf4 23. f6 Bf8 24. g6 hxg6 25. Bxf7+ Kh7 26. Qg3 Qxg3 27. hxg3+
Nh6 28. fxg7 Kxg7 29. Bc4 Ng4 30. Nf3 1-0

[Event "48th Biel Master Open"]
[Site "Biel SUI"]
[Date "2015.07.22"]
[Round "3.10"]
[White "Kiewra, Keaton F"]
[Black "Erdos, Viktor"]
[Result "0-1"]
[WhiteTitle "IM"]
[BlackTitle "GM"]
[WhiteElo "2421"]
[BlackElo "2610"]
[WhiteFideId "2019280"]
[BlackFideId "719978"]
[EventDate "2015.07.20"]

1. d4 Nf6 2. Nf3 g6 3. Nbd2 c5 4. e3 cxd4 5. exd4 Bg7 6. Bd3 Nc6 7. O-O O-O 8.
Re1 d6 9. c3 Qc7 10. Nc4 Bd7 11. h3 b5 12. Ne3 Rab8 13. Bc2 Rfc8 14. Bb3 Na5 15.
Nd5 Nxd5 16. Bxd5 e6 17. Be4 Nc4 18. Nd2 Nb6 19. Nf3 e5 20. dxe5 dxe5 21. Qe2 f5
22. Bc2 h6 23. Nd2 Kh7 24. Nf1 Nd5 25. Bd2 Bc6 26. g3 Ba8 27. Rad1 Nf6 28. Nh2
Qb7 29. f3 e4 30. Bf4 exf3 31. Qf2 Rc4 32. Qxf3 Qb6+ 33. Be3 Bxf3 34. Bxb6 Bxd1 0-1